野球殿堂入りの人物 - Statistics

General Stats
  • This quiz has been taken 105 times
  • The average score is 54 of 218
Answer Stats
功績 人物名 % Correct
一本足打法の世界のホームラン王 王貞治
91%
”神宮の星”から”ミスタープロ野球”へ 長嶋茂雄
87%
“ゴジラ”の愛称で親しまれたスラッガー 松井秀喜
85%
戦後初の三冠王捕手 野村克也
84%
国際派の野球人として活躍 山本英一郎
84%
”ミスター赤ヘル”と呼ばれた広島の4番打者 山本浩二
84%
最年長勝利を挙げた、中日一筋32年の200勝投手 山本昌広
84%
“大魔神”と呼ばれ日米で活躍したクローザー 佐々木主浩
81%
阪神優勝の立役者となった最強助っ人 ランディ・バース
79%
史上初の三冠王を三度達成 落合博満
78%
横浜、中日で通算3021試合出場の名捕手 谷繫元信
76%
1492連続試合全イニング出場の“鉄人” 金本知憲
75%
巨人監督で3度日本一、第2回WBC優勝監督 原辰徳
74%
都市対抗16回出場「ミスター社会人」 古田昌幸
72%
ヤクルト一筋の日本を代表する名捕手 古田敦也
72%
400勝、4490奪三振 金田正一
71%
楽天を初の日本一に導いた“闘将” 星野仙一
71%
日米通算200勝を挙げた広島のエース 黒田博樹
71%
初期プロ野球界不滅の投手 沢村栄治
68%
プロ野球草創期の日米野球交流に尽力 鈴木惣太郎
68%
セ会長を長年務め、球界の発展に尽力 鈴木龍二
68%
近鉄一筋、歴代4位の317勝 鈴木啓示
68%
日本野球規則委員会で中心的役割を果たす 鈴木美嶺
68%
打撃の神様、V9達成の巨人監督 川上哲治
65%
トルネード投法で人気を博し日米で活躍 野茂英雄
65%
中日一筋、通算2480安打の名内野手 立浪和義
65%
広角打法で3085安打達成 張本勲
60%
2215試合連続出場の”鉄人” 衣笠祥雄
59%
独特のサブマリン投法で通算284勝 山田久志
59%
11試合連続完投勝利の巨人のエース 斎藤雅樹
59%
西武黄金期を支えた名捕手 伊東勤
59%
豪快な”マサカリ投法”で大活躍 村田兆治
57%
阪神、西武で474本塁打を放った 田淵幸一
57%
巨人軍を創設 正力松太郎
54%
攻走守3拍子揃った盗塁王 福本豊
54%
今牛若丸と呼ばれた名ショート 吉田義男
53%
中京商業夏の甲子園3連覇投手 吉田正男
53%
「カミソリ・シュート」を武器に大洋で201勝 平松政次
53%
俊足、強肩の名外野手”人間機関車” 呉昌征
51%
80年代の広島黄金時代を支えた左腕 大野豊
51%
98年、監督として横浜を日本一に導く 権藤博
51%
日米通算313セーブを挙げた守護神 高津臣吾
51%
シーズン42勝を挙げた西鉄の鉄腕エース 稲尾和久
50%
カープの黄金時代を築いた名監督 古葉竹識
50%
949登板、350勝の”ガソリンタンク” 米田哲也
50%
西武等3球団で日本一11回の“優勝請負人” 工藤公康
50%
プロ野球初の300勝投手 ヴィクトル・スタルヒン
49%
野球を愛した明治の歌人、俳人 正岡子規
49%
「イチロー」を誕生させた名監督 仰木彬
49%
大洋初の日本一に貢献した大エース 秋山登
49%
80、90年代を代表する俊足強打の外野手 秋山幸二
49%
猛打の初代ミスタータイガース 藤村富美男
46%
広島3度の日本一に貢献 北別府学
46%
速球を武器に“炎のストッパー”と呼ばれた 津田恒実
46%
早大監督として9回優勝 森茂雄
44%
日本一3連覇を2度達成した名監督 森祇晶
44%
2代目ミスタータイガース 村山実
43%
”怪童”と呼ばれた本塁打王 中西太
43%
攻走守三拍子揃ったバックトスの名手 高木守道
43%
全国中等学校優勝野球大会を創設 村山龍平
43%
通算251勝、ライオンズのエース 東尾修
41%
フォークボールの大投手 杉下茂
40%
怪我を克服し、史上最年長MVPに 門田博光
40%
シーズン51本の本塁打王 小鶴誠
38%
日本シリーズ全4戦全勝の南海エース 杉浦忠
38%
2年連続でMVPに輝き、2000安打も達成 アレックス・ラミレス
38%
ルーキーで16勝をあげエースとしてV9に貢献 堀内恒夫
37%
完全試合を含むノーヒットノーラン3度達成 外木場義郎
37%
法大初優勝監督 藤田信男
35%
プロ野球草創期の阪急球団代表 村上實
35%
巨人のエースから名監督へ 藤田元司
35%
抜群の制球力で歴代3位の320勝 小山正明
35%
生涯打率.319の「小さな大打者」 若松勉
35%
全ポジションを守った明大万能野手 岡田源三郎
32%
ベースボールを野球と訳す 中馬庚
31%
”青バット”の天才打者 大下弘
31%
両リーグで1000試合、1000安打達成 大杉勝男
31%
運動記者の草分け 太田茂
29%
29年で5球団を指揮した名監督 藤本定義
28%
早大で首位打者3度のスラッガー 田中勝男
28%
プロ野球初の三冠王 中島治康
26%
野球規則・記録の研究、整備に貢献 山内以九士
26%
ハワイの日系三世 三拍子そろった名外野手 与那嶺要
26%
大毎ミサイル打線の中心打者 山内一弘
26%
慶大監督を経て、アジア野球連盟事務局長を務めた 前田祐吉
26%
宝塚運動協会、阪急球団結成 小林一三
25%
「じゃじゃ馬」と呼ばれたホームランバッター 青田昇
25%
七色の変化球を投げた頭脳派投手 若林忠志
24%
スポーツ記録の第一人者 広瀬謙三
24%
310勝を挙げた南海、巨人のエース 別所毅彦
24%
”魔術師”と称された名監督 三原脩
24%
延長28回完投の鉄腕投手 野口二郎
24%
名外野手で盗塁王 広瀬叔功
24%
史上初の両リーグで首位打者 江藤慎一
24%
学生野球の父 安部磯男
22%
南海黄金時代を築いた名監督 鶴岡一人
22%
セパ両リーグで日本一監督 廣岡達朗
22%
野球のオリンピック参加に貢献 廣岡知男
22%
アマ球界の強打者から全日本監督へ 石井藤吉郎
22%
広島を支えた小さな大投手 長谷川良平
22%
早大監督を務め、日米大学野球開催に尽力 石井連蔵
22%
猛打タイガースの強打者 景浦将
21%
監督歴20年、8度のパリーグ優勝 西本幸雄
21%
50~60年代を代表する“安打製造機” 榎本喜八
21%
”猛牛”と言われた巨人の名二塁手 千葉茂
19%
西武黄金時代の基礎を築く 根本陸夫
19%
南海の黄金時代を支えたサイドスロー 皆川睦雄
18%
天性の強打者、4球団の監督を歴任 別当薫
16%
9連続奪三振の阪急名左腕 梶本隆夫
16%
野球とチームを愛した日本ハム初代オーナー 大社義規
16%
日本リトルリーグ創設に尽力 林和男
16%
巨人第2期黄金時代の名監督 水原茂
15%
西鉄黄金時代にクリーンアップを打つ 豊田泰光
15%
時代を超える多くの応援歌を作曲 古関裕而
15%
初代セリーグ審判部長 島秀之助
13%
夏の甲子園の準決勝、決勝でノーヒットノーラン 嶋清一
13%
広島カープ初代監督 石本秀一
10%
草創期のタイガースを支えたエース 西村幸生
10%
社会人野球協会結成に貢献 小川正太郎
10%
速球派から技巧派へ、通算209勝 中尾碩志
10%
投手と野手でオールスター出場 関根潤三
10%
大リーグを手本に球団改革を推進 松田耕平
10%
早大・函館オーシャンの名捕手 久慈次郎
9%
14歳でプロ入りし、投打に活躍 西沢道夫
9%
東京球場をつくる 永田雅一
9%
熱血指導で阪急を常勝チームに 上田利治
9%
戦後の野球復興に貢献した国際派 松本瀧蔵
9%
対大リーグ初の勝利投手 小野三千麿
7%
甲子園球場の設計工事責任者 野田誠三
7%
巨人第1期黄金時代の強肩捕手 吉原正喜
7%
慶大黄金時代の強打者 山下実
7%
ノーヒット・ノーラン2回達成 真田重蔵
7%
投手分業制を導入 近藤貞雄
7%
日米大学野球開催に尽力 武田孟
7%
都市対抗野球を創設 橋戸信
6%
第2代コミッショナー 井上登
6%
中日監督としてシリーズ連覇 天知俊一
6%
松竹ロビンスオーナー 田村駒治郎
6%
審判の権威と信頼を確立 中野武二
6%
神主打法で1試合4ホーマー 岩本義行
6%
和歌山中、早大の名選手 井口新次郎
6%
慶大、三田倶楽部の名捕手 島田善介
4%
初代パ・リーグ審判部長 二出川延明
4%
巨人初期黄金時代の名遊撃手 白石勝巳
4%
高度なチームプレーを確立 牧野茂
4%
第4代高野連会長 牧野直隆
4%
優れたアマ指導者でロス五輪優勝監督 松永怜一
4%
ワインドアップ投法を導入 河野安通志
3%
華麗な守備の名二塁手 苅田久徳
3%
東京セネタースを結成 有馬頼寧
3%
明大野球部長 内海弘蔵
3%
学徒出陣壮行早慶戦を実施 小泉信三
3%
初代タイガース主将 松木謙治郎
3%
48歳で投げた小さな大投手 浜崎真二
3%
”火の玉投手”と呼ばれたパリーグ初代新人王 荒巻淳
3%
名物の守備で活躍した投手兼一塁手 中河美芳
3%
神宮を沸かせた名物明大監督 島岡吉郎
3%
1000試合、1000安打第一号 坪内道則
3%
15シーズンで打率3割以上7回 田宮謙次郎
3%
軟式ボールを考案し野球の普及に尽力 鈴鹿栄
3%
野球人気に貢献した名アナウンサー 志村正順
3%
学生・プロの名審判 池田豊
1%
後楽園スタヂアム第4代社長 田辺宗英
1%
巨人、阪急の初代監督 三宅大輔
1%
走攻守揃った天才的プレーヤー 田部武雄
1%
用具の生産、改良に尽力 水野利八
1%
学生野球協会2代会長 天野貞祐
1%
東京六大学野球連盟第2代会長 平沼亮三
1%
大正時代の早大エース 谷口五郎
1%
第3代高野連会長 佐伯達夫
1%
出版活動を通じ、野球界の発展に貢献 池田恒雄
1%
近鉄バファローズオーナー 佐伯勇
1%
選手から3000試合出場の名審判へ 筒井修
1%
日米野球交流の中心的役割を果たす 生原昭宏(アイク生原)
1%
日本の野球技術向上に尽力 フランク・オドール
1%
「アオダモ資源育成の会」を設立 大本修
1%
六大学最多48勝、バルセロナ五輪代表監督 山中正竹
1%
中京商で選手、指導者として春・夏全国優勝 瀧正男
1%
日本初の野球チームを結成 平岡熈
0%
米チームを破った一高投手 青井鉞男
0%
「日本運動協会」を創設 押川清
0%
第1回早慶戦勝利投手 桜井彌一郎
0%
穂洲の名で健筆をふるった早大名監督 飛田忠順
0%
職業野球連盟初代理事長 市岡忠男
0%
社会人野球協会初代会長 宮原清
0%
投打に活躍した学生野球のヒーロー 宮武三郎
0%
一高の名サウスポー 守山恒太郎
0%
慶大黄金時代の名監督 腰本寿
0%
日本野球連盟初代会長 森岡二朗
0%
野球規則を本格的に翻訳出版 直木松太郎
0%
独特の話法で人気を博した名解説者 小西徳郎
0%
プロ野球完全試合達成第1号 中上英雄
0%
早大の頭脳的名捕手 伊丹安広
0%
1246試合連続出場 飯田徳治
0%
学生野球憲章制定に尽力 外岡茂十郎
0%
第3代コミッショナー 内村祐之
0%
早慶戦復活に尽力した慶大主将 桐原眞二
0%
タイガース初代会長 松方正雄
0%
プロ野球草創期の名審判 横沢三郎
0%
早大の名外野手 芥田武夫
0%
大リーグに挑んだ早大の鉄腕投手 伊達正男
0%
春夏甲子園大会の基盤をつくる 中澤良夫
0%
日本初ドーム球場建設 保坂誠
0%
第9代コミッショナー 吉國一郎
0%
パリーグ会長を2度務めた 福島慎太郎
0%
パリーグ初代専任会長 中澤不二雄
0%
明治5年に野球を伝えた”日本野球のルーツ” ホーレス・ウィルソン
0%
プロ・アマの協調体制を確立させる 川島廣守
0%
日本野球発祥の研究をし「日本野球創世記」を著す 君島一郎
0%
全日本アマチュア野球連盟の結成に貢献 長船騏郎
0%
小倉高のエースで夏の甲子園2連覇 福嶋一雄
0%
“最後の早慶戦”の実現と戦後の野球復興に尽力 相田暢一
0%
アマの名審判で、審判指導者としても貢献 郷司裕
0%
プロ・アマ交流の礎を築いた高野連会長 脇村春夫
0%
都市対抗3度優勝、アトランタ五輪代表監督 川島勝司
0%
ノンフィクション作家、日本高野連顧問 佐山和夫
0%
首都大学野球連盟を設立。野球の国際化にも尽力 松前重義
0%
アマチュア審判員を経てプロでも活躍した名審判 谷村友一
0%
No matching quizzes found
Score Distribution
Percent of People with Each Score
Percentile by Number Answered
Your Score History
You have not taken this quiz